000 01508nam a2200337 c 4500
003 BLK
005 20240429142900.0
008 180409b bul|||||r ||||||| ||bul||
010 _aKNG00147218000
040 _aBLK
041 _aBUL
_cBUL
080 _aБългарска литература
_b821.163.2
_x-93-1
_z821.163.2-93-1
100 1 _aЧерняков, Георги Петров
_d1932 - 2012
_gФилолог, литературен критик.
_eпърви автор
_9141597
700 1 _aБенев, Богдан
_eхудож.
_9377989
139 _aЧерняков, Георги
_bЧ 71
245 1 0 _aСънчо и неговите приятели
_bПоема за деца
_cГеорги Черняков; худож. Богдан Бенев.
257 _aBGR
260 София
_bБълг. художник
_c1969
300 _a16 с.
_bс ил.
_c18 см
380 _aDX
490 1 _aДетска библиотека Медени звънчета
_v8
500 _aКор. опис. - 50 000 тир. - Кн. в папка със загл. Медени звънчета.
653 _aдетска литература
653 _aлитература за деца
852 _aЦб I 34945
856 4 _qpdf
_u
856 4 _qpdf
_u
942 _cKNG
_n0
944 _aCR
_c25.07.2013
_lГеновева Генчева
_k30560
944 _aED
_c26.04.2017
_l25.07.2013 - от С1,Р / 25.07.2013
_kВиолета_Тройчева
999 _c141148
_d141148